000 00908cam a2200241 a 4500
001 000004913
005 20200929151530.0
008 700914s1985 sp 000 0 spa
040 _aDO-SdBNP
_bspa
_cBNPHU
082 _a843.7
_bG676B,
100 1 _aBalzac, Honoré de,
_d1799-1850.
_913333
245 1 3 _aLa comedia humana :
_bPapá Goriot /
_cHonoré de Balzac ; traducción Rafael Cansinos Asséns.
260 _aSantiago, Chile :
_bErcilla,
_c1985.
300 _a187 p. ;
_c18 cm.
490 1 _aBiblioteca Ercilla
490 1 _aLos Mejores Libros de la Literatura Universal
_v37
504 _aIncluye referencias bibliográficas y notas al pie de las páginas
650 4 _aNovela francesa
_91075
650 4 _aLiteratura francesa
_91074
700 1 _aCansinos Asséns, Rafael,
_etr.
_914205
830 0 _aBiblioteca Ercilla
_910648
830 0 _aLos Mejores Libros de la Literatura Universal ;
_n37
_914206
999 _c4719
_d4719